[Event "3. Open Bohumin 2020"]
[Site "Bohumin"]
[Date "2020.07.23"]
[Round "6.19"]
[White "Starosta, Martyna"]
[Black "Adamczyk, Piotr"]
[Result "1-0"]
[WhiteElo "2079"]
[BlackElo "1825"]
[Annotator "TA"]
[PlyCount "87"]
[EventDate "2020.07.18"]
[EventType "swiss"]
[EventCountry "CZE"]
[SourceTitle "playchess.com"]
[Source "ChessBase"]
[SourceQuality "1"]

{[%evp 9,87,41,57,23,31,37,38,26,43,23,28,12,51,42,58,-3,0,-22,29,28,29,39,35,34,39,38,47,33,58,17,18,11,81,82,81,78,114,104,186,133,127,126,137,166,133,141,157,128,171,188,210,210,223,213,210,197,208,208,771,367,379,379,429,252,283,285,276,235,383,199,207,189,188,201,1037,1026,1038,1026,962,937]} 1. e4 d5 2. exd5 Qxd5 3. Nc3 Qd8 4. d4 Nf6 5. Nf3 g6 6. Bd3 {B01: Scandinavian Defence.} Bg7 7. O-O O-O {[#]} 8. h3 $146 {White is slightly better.} ({Predecessor:} 8. Bc4 e6 9. Bg5 Nbd7 10. Re1 Re8 11. Ne4 h5 12. Qe2 Rb8 13. Rad1 b5 14. Bxb5 {1-0 (42) Slivka,D (1224)-Tabak,A (1000) Stara Lubovna 2014}) 8... Nc6 9. Be3 Nb4 10. Bc4 Nbd5 11. Nxd5 Nxd5 12. Bxd5 (12. Bg5 $14) 12... Qxd5 $11 13. b3 Bf5 (13... b6 $142) 14. c4 Qd6 15. Qd2 Rfe8 16. Rfe1 Rad8 17. Rad1 f6 18. Bh6 Bh8 19. Nh4 Bc8 20. Qc2 f5 (20... Bg7 $11 21. Bxg7 Kxg7) 21. Nf3 $16 c5 {[%cal Rc5d4]} 22. d5 Qc7 23. Bg5 Bg7 (23... e5 $16) 24. g3 (24. Qd2 $18) 24... h6 25. Bf4 Qb6 26. Be5 Bxe5 27. Nxe5 Qf6 28. Qc1 Kg7 29. Qa3 $36 {[%mdl 2048] White is in control.} Qb6 30. Nd3 e6 31. Nxc5 (31. Qxc5 $6 Qxc5 32. Nxc5 b6 $16) 31... exd5 32. Rxe8 ({Don't take} 32. cxd5 $6 Rxe1+ 33. Rxe1 Rxd5 $16) 32... Rxe8 33. cxd5 {Hoping for d6.} Re5 $2 {[#]} (33... Rd8 34. Nd3 Qd6 35. Qxa7 Qxd5) 34. Nd3 (34. Ne6+ $142 $1 {[%mdl 512]} Bxe6 35. Qe7+ {[%mdl 64] Double Attack, Pin} (35. dxe6 Qxe6 36. Qxa7 Re1+ 37. Rxe1 Qxe1+ 38. Kg2 Qe4+ 39. f3 Qe2+ 40. Qf2 Qd1 $16) 35... Kg8 36. dxe6 Rxe6 37. Rd8+ Qxd8 38. Qxd8+ Kf7 39. Qb8) 34... Re2 35. Qc1 Bd7 {[#]} 36. Re1 (36. d6 $142 $1 {[%mdl 512]}) 36... Rxe1+ $18 37. Qxe1 {Qe7+ would kill now.} ({Not} 37. Nxe1 Qd4 $16) 37... Qd6 38. Qc3+ Kg8 {[#]} (38... Kf8 $142 39. Qh8+ {[%mdl 64] Double Attack} Ke7) 39. Nf4 (39. Qc5 $142 $1 Qxc5 40. Nxc5) 39... Kh7 40. Qd4 b6 41. Ng2 Be6 $2 {[#]} (41... a6 42. Nf4 Kg8) 42. Qf6 $1 {White is clearly winning.} Qxd5 43. Nf4 $1 {[%csl LRd5,LRe6,LRg6][%mdl 64] Double Attack} Qd1+ {[#]} 44. Kh2 $1 {[%mdl 512] Accuracy: White = 64%, Black = 54%.} 1-0

[Event "3. Open Bohumin 2020"]
[Site "Bohumin"]
[Date "2020.07.23"]
[Round "6.20"]
[White "Neumann, Filip"]
[Black "Zurawicki, Jakub"]
[Result "1-0"]
[WhiteElo "2044"]
[BlackElo "1806"]
[Annotator "NA"]
[PlyCount "63"]
[EventDate "2020.07.18"]
[EventType "swiss"]
[EventCountry "CZE"]
[SourceTitle "playchess.com"]
[Source "ChessBase"]
[SourceQuality "1"]
[TimeControl "40/5400+30:900+30"]

1. d4 {[%emt 0:00:00]} Nf6 {[%emt 0:00:00]} 2. Bf4 {[%emt 0:00:00]} e6 {[%emt 0:00:00]} 3. e3 {[%emt 0:00:40]} d5 {[%emt 0:00:11]} 4. Nf3 {[%emt 0:00:11]} c5 {[%emt 0:00:18]} 5. c3 {[%emt 0:00:07]} Nc6 {[%emt 0:00:25]} 6. Nbd2 {[%emt 0:00:06]} cxd4 {[%emt 0:02:12]} 7. exd4 {[%emt 0:00:28]} Bd6 {[%emt 0:00:33]} 8. Bg3 {[%emt 0:01:02]} O-O {[%emt 0:00:11]} 9. Bd3 {[%emt 0:00:07]} Re8 {[%emt 0:01:42]} 10. O-O {[%emt 0:00:20]} e5 {[%emt 0:00:58] B13: Caro-Kann: Exchange Variation and Panov-Botvinnik Attack.} 11. dxe5 {[%emt 0:00:21]} Bxe5 {[%emt 0:00:09]} 12. Bxe5 {[%emt 0:01:40]} Nxe5 {[%emt 0:00:03]} 13. Nxe5 {[%emt 0:01:05]} Rxe5 {[%emt 0:00:04]} 14. Nf3 {[%emt 0:07:28]} Bg4 {[%emt 0:03:16]} 15. Be2 {[%emt 0:02:11]} Bxf3 {[%emt 0:00:33]} 16. Bxf3 {[%emt 0:00:12] [#]} Qb6 $146 {[%emt 0:00:22]} ({Predecessor:} 16... Ne4 17. Qd4 Qe7 18. Rad1 b6 19. Bxe4 dxe4 20. Rfe1 Re8 21. Qd7 f5 22. Qxe7 R8xe7 {0-1 (36) Sarda,P (1474)-Cordioli,J (1889) Sao Bento do Sul 2019}) 17. Qb3 {[%emt 0:01:25]} Qxb3 $14 {[%emt 0:00:33]} 18. axb3 {[%emt 0:00:02]} Ne4 {[%emt 0:00:10]} 19. Rfe1 {[%emt 0:00:59]} f5 {[%emt 0:00:38]} 20. g3 {[%emt 0:03:21]} Ree8 {[%emt 0:08:22]} 21. Ra5 {[%emt 0:00:57]} Nf6 {[%emt 0:05:22]} 22. Rxe8+ {[%emt 0:00:23]} Rxe8 {[%emt 0:00:06]} 23. Bxd5+ {[%emt 0:01:25]} Nxd5 {[%emt 0:00:08]} 24. Rxd5 {[%emt 0:00:08]} g6 {[%emt 0:00:06]} 25. Rd7 {[%emt 0:00:06]} Re2 {[%emt 0:00:09]} 26. Rxb7 {[%emt 0:00:10]} Rxb2 {[%emt 0:00:05]} 27. c4 {[%emt 0:05:52]} Ra2 {[%emt 0:02:05]} 28. c5 {[%emt 0:00:44]} Rc2 {[%emt 0:00:07]} 29. b4 {[%emt 0:00:06]} a5 {[%emt 0:00:06]} 30. bxa5 {[%emt 0:00:19]} Rxc5 {[%emt 0:00:05]} 31. a6 {[%emt 0:00:04]} Ra5 {[%emt 0:00:05]} 32. a7 {[%emt 0:00:03]} 1-0

[Event "3. Open Bohumin 2020"]
[Site "Bohumin"]
[Date "2020.07.24"]
[Round "7.1"]
[White "Kriebel, Tadeas"]
[Black "Sramek, Vojtech"]
[Result "1/2-1/2"]
[WhiteElo "2517"]
[BlackElo "2178"]
[Annotator "TA"]
[PlyCount "52"]
[EventDate "2020.07.18"]
[EventType "swiss"]
[EventCountry "CZE"]
[SourceTitle "playchess.com"]
[Source "ChessBase"]
[SourceQuality "1"]

{[%evp 32,52,52,56,46,52,61,43,37,35,39,0,37,0,0,0,0,0,0,0,0,0,0]} 1. e4 c5 2. Nf3 d6 3. d4 cxd4 4. Nxd4 Nf6 5. Nc3 g6 6. Be3 Bg7 7. f3 O-O 8. Qd2 Nc6 9. O-O-O d5 10. exd5 Nxd5 11. Nxc6 bxc6 12. Bd4 Nxc3 13. Qxc3 Bh6+ 14. Be3 Bxe3+ 15. Qxe3 Qb6 16. Qxe7 Be6 17. Qa3 Rad8 {[%cal Ba8d8,Bd8d5,Bd5c5][%mdl 32] B76: Sicilian Dragon: Yugoslav Attack, 9 g4 and 9 0-0-0.} 18. Bd3 Rd5 19. Qc3 Rc5 {White is slightly better.} 20. Qf6 Bxa2 21. h4 Ra5 22. h5 {[#] aiming for b3.} Qe3+ {The position is equal.} 23. Rd2 {[#] Strongly threatening h6.} Rxh5 $146 ({Predecessor:} 23... Bb3 24. cxb3 Ra1+ 25. Bb1 Rxb1+ 26. Kxb1 Qxd2 27. h6 Qd3+ 28. Kc1 Qe3+ 29. Kc2 Qe2+ 30. Kc1 {½-½ (30) Eggleston,D (2239)-Ward,C (2456) Halifax 2006}) 24. Rxh5 Qe1+ $1 (24... gxh5 $2 {loses.} 25. b3 $18) 25. Rd1 Qe3+ 26. Rd2 Qe1+ $1 {White did not feel at home in the position after the opening.} 1/2-1/2

[Event "3. Open Bohumin 2020"]
[Site "Bohumin"]
[Date "2020.07.24"]
[Round "7.2"]
[White "Molenda, Marcin"]
[Black "Pulpan, Jakub"]
[Result "1-0"]
[WhiteElo "2363"]
[BlackElo "2410"]
[Annotator "RC"]
[PlyCount "63"]
[EventDate "2020.07.18"]
[EventType "swiss"]
[EventCountry "CZE"]
[SourceTitle "playchess.com"]
[Source "ChessBase"]
[SourceQuality "1"]
[TimeControl "40/5400+30:900+30"]

1. d4 {[%emt 0:00:00]} Nf6 {[%emt 0:00:00]} 2. c4 {[%emt 0:00:00]} e6 {[%emt 0:00:11]} 3. Nf3 {[%emt 0:00:00]} d5 {[%emt 0:00:13]} 4. Nc3 {[%emt 0:00:07]} c5 {[%emt 0:01:11]} 5. cxd5 {[%emt 0:00:23]} Nxd5 {[%emt 0:00:09]} 6. e4 {[%emt 0:00:17]} Nxc3 {[%emt 0:00:06]} 7. bxc3 {[%emt 0:00:04]} cxd4 {[%emt 0:00:06]} 8. cxd4 {[%emt 0:00:03]} Bb4+ {[%emt 0:00:11]} 9. Bd2 {[%emt 0:00:06]} Bxd2+ {[%emt 0:00:06]} 10. Qxd2 {[%emt 0:00:07]} O-O {[%emt 0:00:06]} 11. Bc4 {[%emt 0:00:16]} Nd7 {[%emt 0:00:22]} 12. O-O {[%emt 0:00:23]} b6 {[%emt 0:00:17]} 13. Rad1 {[%emt 0:00:18]} Bb7 {[%emt 0:00:13]} 14. Rfe1 {[%emt 0:00:05]} Rc8 {[%emt 0:00:12]} 15. Bb3 {[%emt 0:00:05]} Re8 {[%emt 0:00:59]} 16. d5 {[%emt 0:00:40]} exd5 {[%emt 0:03:24]} 17. exd5 {[%emt 0:00:06]} Qf6 {[%emt 0:05:08]} 18. Ng5 {[%emt 0:08:56]} h6 {[%emt 0:16:29]} 19. Ne4 {[%emt 0:04:42]} Qg6 {[%emt 0:09:16]} 20. Qf4 {[%emt 0:03:47]} Re5 {[%emt 0:08:09]} 21. Ba4 {[%emt 0:33:41]} Bxd5 {[%emt 0:09:15]} 22. Bxd7 {[%emt 0:01:26]} Rxe4 {[%emt 0:07:43]} 23. Rxe4 {[%emt 0:00:28]} Bxe4 {[%emt 0:00:08]} 24. f3 {[%emt 0:01:09]} Rc2 {[%emt 0:01:49]} 25. g4 {[%emt 0:01:17]} Bd3 {[%emt 0:12:15]} 26. Rxd3 {[%emt 0:00:55]} Qxd3 {[%emt 0:00:06]} 27. Qb8+ {[%emt 0:00:08]} Kh7 {[%emt 0:00:08]} 28. Bf5+ {[%emt 0:00:03]} Qxf5 {[%emt 0:00:06]} 29. gxf5 {[%emt 0:00:04]} Rxa2 {[%emt 0:00:56]} 30. f6 {[%emt 0:07:26]} Kg6 {[%emt 0:01:18]} 31. Qg3+ {[%emt 0:00:46]} Kxf6 {[%emt 0:00:06]} 32. Qd6+ {[%emt 0:00:02]} 1-0

[Event "3. Open Bohumin 2020"]
[Site "Bohumin"]
[Date "2020.07.24"]
[Round "7.3"]
[White "Niedbala, Bartlomiej"]
[Black "Gnojek, Petr"]
[Result "1-0"]
[WhiteElo "2379"]
[BlackElo "2107"]
[Annotator "TA"]
[PlyCount "127"]
[EventDate "2020.07.18"]
[EventType "swiss"]
[EventCountry "CZE"]
[SourceTitle "playchess.com"]
[Source "ChessBase"]
[SourceQuality "1"]

{[%evp 20,127,73,60,81,91,86,83,111,118,130,141,127,128,169,169,164,158,191,173,366,330,310,290,272,276,247,198,182,135,136,147,142,139,142,139,193,195,198,194,198,208,204,215,371,367,367,347,450,451,698,672,725,608,927,246,264,250,240,115,122,122,122,122,122,122,122,122,107,122,122,129,1102,1048,911,744,2207,2143,1933,1889,2185,1875,1723,1643,975,686,29968,29969,29971,29973,29973,29974,29974,29972,29978,29979,29979,29975,29980,29981,29980,29981,29990,29990,29990,29990,29990,29989,29990,29991]} 1. d4 d6 2. Nf3 Nf6 3. c4 g6 4. Nc3 Nbd7 5. e4 e5 6. Be2 Bg7 7. O-O O-O 8. Be3 c6 9. d5 c5 10. Ne1 Ne8 11. g4 Nc7 {E94: King's Indian: Classical: 6 Be2 e5 7 0-0: Various Black 7th moves.} 12. Kh1 {[#]} Qe7 $146 ({Predecessor:} 12... b6 13. Qd2 Qe7 14. Rg1 Rb8 15. b3 a5 16. Rg3 Ba6 17. a4 Bc8 18. Nd3 Na6 19. Kg2 {½-½ (36) Salzmann,S (2098)-Minte,D (2352) LSS email 2010}) 13. Rg1 Nb6 {White is better.} 14. a3 Na6 15. b3 Kh8 16. Qd2 f6 17. Rg3 Bd7 18. h4 Rac8 19. Nf3 f5 $2 (19... Nc7 20. a4 a5) 20. gxf5 $18 gxf5 21. Bg5 Bf6 22. exf5 Bxf5 23. Qe3 Nc7 24. Nd2 Rg8 25. Nde4 Bxg5 26. hxg5 Nd7 27. Kg2 Ne8 (27... b5 $16) 28. Rh1 Nf8 29. Rf3 Bxe4 30. Nxe4 Ng6 31. Kf1 Rc7 $2 (31... Nf4 32. a4 Rc7) 32. Nf6 Nxf6 33. gxf6 Qf8 {Threatening ...Nf4.} 34. Bd3 Qe8 {[#]} (34... b6 $142 35. Qg5 Nf4) 35. Rfh3 $1 {[%mdl 512] Intending Rxh7+! and mate.} Nf8 36. Bf5 e4 37. Qxe4 $2 (37. Qc3 Qe5 38. Qxe5 dxe5 39. d6) 37... Qxe4 38. Bxe4 Rg4 39. f3 (39. Bc2 $18 {and White stays clearly on top.}) 39... Rf4 $16 40. Rg1 Rxf6 41. Rhg3 {[%csl Gg1][%cal Rg3g8] [#]} Ng6 42. Bxg6 hxg6 43. Rxg6 {Rh1+ would kill now.} Rxf3+ {[%mdl 4096] Endgame KRR-KRR} 44. Ke2 Rxb3 45. Rxd6 {And now Rh6+ would win.} Re7+ $2 {[%mdl 8192] Black cannot hold the game after this.} (45... Kh7 $16) 46. Re6 $18 Rb2+ 47. Kd3 Rg7 48. Rxg7 Kxg7 {KR-KR} 49. d6 Kf7 50. d7 Kxe6 51. d8=Q {KQ-KR} Rb3+ 52. Ke4 Rb6 53. Qd5+ {White mates.} Ke7 54. Qxc5+ Kd7 55. Qf5+ Kc7 56. Qf7+ Kc8 57. Kd5 Rc6 58. Qe8+ Kc7 59. c5 Ra6 60. a4 Ra5 61. Qe7+ Kc8 62. Qf8+ Kc7 63. Qd6+ Kc8 64. Ke6 {Accuracy: White = 82%, Black = 48%.} 1-0

[Event "3. Open Bohumin 2020"]
[Site "Bohumin"]
[Date "2020.07.24"]
[Round "7.4"]
[White "Kula, Dominik"]
[Black "Goluch, Piotr"]
[Result "0-1"]
[WhiteElo "2243"]
[BlackElo "2376"]
[Annotator "RC"]
[PlyCount "62"]
[EventDate "2020.07.18"]
[EventType "swiss"]
[EventCountry "CZE"]
[SourceTitle "playchess.com"]
[Source "ChessBase"]
[SourceQuality "1"]
[TimeControl "40/5400+30:900+30"]

1. Nf3 {[%emt 0:00:00]} Nf6 {[%emt 0:00:29]} 2. b3 {[%emt 0:00:00]} d5 {[%emt 0:01:38]} 3. Bb2 {[%emt 0:00:00]} Bg4 {[%emt 0:00:24]} 4. Ne5 {[%emt 0:02:04]} h5 {[%emt 0:04:03]} 5. g3 {[%emt 0:05:46]} Nbd7 {[%emt 0:00:48]} 6. Bg2 {[%emt 0:01:24]} e6 {[%emt 0:04:42]} 7. h3 {[%emt 0:02:30]} Bf5 {[%emt 0:00:20]} 8. d3 {[%emt 0:00:49]} Bd6 {[%emt 0:00:59]} 9. Nxd7 {[%emt 0:00:33]} Qxd7 {[%emt 0:00:47]} 10. Nd2 {[%emt 0:01:17]} h4 {[%emt 0:06:14]} 11. g4 {[%emt 0:06:25]} Bg6 {[%emt 0:00:05]} 12. e4 {[%emt 0:03:11]} dxe4 {[%emt 0:04:13]} 13. Nxe4 {[%emt 0:02:24]} Nxe4 {[%emt 0:03:51]} 14. dxe4 {[%emt 0:00:31]} Qc6 {[%emt 0:02:45]} 15. Qd3 {[%emt 0:04:17]} O-O-O {[%emt 0:00:53]} 16. Qc4 {[%emt 0:00:43]} Qxc4 {[%emt 0:00:41]} 17. bxc4 {[%emt 0:00:02]} Bb4+ {[%emt 0:00:05]} 18. c3 {[%emt 0:00:29]} Bc5 {[%emt 0:00:12]} 19. f3 {[%emt 0:07:10]} Rd3 {[%emt 0:05:01]} 20. Rd1 {[%emt 0:01:11]} Re3+ {[%emt 0:00:04]} 21. Kf1 {[%emt 0:02:09]} Rd8 {[%emt 0:00:07]} 22. Rd4 {[%emt 0:02:05]} e5 {[%emt 0:02:14]} 23. Rd5 {[%emt 0:01:53]} Rxd5 {[%emt 0:00:06]} 24. cxd5 {[%emt 0:00:10]} f6 {[%emt 0:00:28]} 25. c4 {[%emt 0:02:11]} Be8 {[%emt 0:00:05]} 26. Bc1 {[%emt 0:02:14]} Rc3 {[%emt 0:00:06]} 27. Ke2 {[%emt 0:00:08]} Rc2+ {[%emt 0:00:07]} 28. Bd2 {[%emt 0:00:04]} Bb4 {[%emt 0:01:51]} 29. Rd1 {[%emt 0:00:03]} Ba4 {[%emt 0:00:04]} 30. a3 {[%emt 0:00:17]} Ba5 {[%emt 0:03:10]} 31. Kd3 {[%emt 0:00:30]} Ra2 {[%emt 0:00:13]} 0-1

[Event "3. Open Bohumin 2020"]
[Site "Bohumin"]
[Date "2020.07.24"]
[Round "7.5"]
[White "Kucza, Karol"]
[Black "Poysti, Nathanael"]
[Result "1/2-1/2"]
[WhiteElo "2245"]
[BlackElo "2209"]
[Annotator "TA"]
[PlyCount "65"]
[EventDate "2020.07.18"]
[EventType "swiss"]
[EventCountry "CZE"]
[SourceTitle "playchess.com"]
[Source "ChessBase"]
[SourceQuality "1"]

{[%evp 15,65,11,22,0,0,0,0,0,10,7,2,7,10,19,2,2,2,7,9,9,9,11,11,11,11,11,10,14,20,5,5,10,16,0,0,0,0,0,0,0,0,0,0,0,0,0,0,0,0,0,0,0]} 1. e4 c5 2. Nf3 d6 3. d4 cxd4 4. Nxd4 Nf6 5. Nc3 a6 6. Bg5 e6 7. f4 h6 8. Bh4 Qb6 {The position is equal. The main line 8...Qb6 scores better than 8...Be7.} 9. Qd2 {B96: Sicilian Najdorf: 6 Bg5 e6 7 f4, lines other than 7...Qb6 and 7...Be7.} Qxb2 10. Rb1 Qa3 11. f5 Be7 12. fxe6 fxe6 13. Bc4 Nxe4 $1 14. Nxe4 Bxh4+ 15. g3 Bg5 16. Nxg5 hxg5 17. O-O $1 Qc5 18. Qf2 Nc6 19. Nxe6 Qxf2+ 20. Rxf2 {[#] Nc7+ is the strong threat.} Bxe6 $1 21. Bxe6 Rb8 22. Bd5 {aiming for Bxc6+.} Ne5 23. Bxb7 {[#]} Rf8 $146 ({Predecessor:} 23... Ke7 24. Rb3 a5 25. a4 Kd7 26. Rf1 Kc7 27. Rfb1 Nd7 28. Rb5 Nc5 29. Bd5 Rhe8 30. Kf2 Rxb5 31. Rxb5 Re5 32. c4 g4 {½-½ (32) Ortiz Suarez,I (2577)-Vachier Lagrave,M (2744) Baku 2015}) 24. Rxf8+ Kxf8 $11 {[%mdl 4096] Endgame KRB-KRN} 25. a4 a5 26. Rb5 Ke7 27. Kf2 Kd7 28. Ke3 Kc7 29. Ba6 Ra8 30. Bb7 Rb8 31. Ba6 Ra8 32. Bb7 Rb8 33. Ba6 {Not much happened in this game. Accuracy: White = 100%, Black = 100%.} 1/2-1/2

[Event "3. Open Bohumin 2020"]
[Site "Bohumin"]
[Date "2020.07.24"]
[Round "7.6"]
[White "Michenka, Jozef"]
[Black "Czerwonski, Aleksander"]
[Result "1/2-1/2"]
[WhiteElo "2299"]
[BlackElo "2362"]
[Annotator "TA"]
[PlyCount "116"]
[EventDate "2020.07.18"]
[EventType "swiss"]
[EventCountry "CZE"]
[SourceTitle "playchess.com"]
[Source "ChessBase"]
[SourceQuality "1"]

{[%evp 12,116,23,19,19,21,26,-25,-8,-10,-14,-58,8,8,8,0,1,-9,0,0,0,0,20,18,18,0,0,0,0,0,0,0,0,0,32,25,50,46,70,53,47,0,0,0,0,0,418,408,420,421,397,384,502,489,376,0,347,346,360,336,322,315,289,277,720,385,611,340,498,0,0,0,0,0,0,0,0,0,0,0,0,0,0,0,0,0,0,0,0,0,0,0,0,0,0,0,0,0,0,0,0,0,0,0,0,0,0]} 1. d4 Nf6 2. c4 g6 3. Nc3 Bg7 4. e4 O-O 5. Bd3 d6 6. h3 Nc6 7. Nge2 e5 {E71: King's Indian: 4 e4 d6 5 h3.} 8. d5 Nd4 9. Be3 (9. Bg5 $142) 9... Nh5 $11 {Black has an edge.} 10. Qd2 c5 {[#]} 11. Ng3 $146 ({Predecessor:} 11. Bh6 f5 12. Bxg7 Kxg7 13. exf5 gxf5 14. O-O-O Kh8 15. Qh6 Ng7 16. f4 e4 17. Bb1 Nxe2+ 18. Nxe2 {1-0 (38) Rabrenovic,V (2343)-Radovanovic,M (2422) Zrenjanin 2018}) 11... Nxg3 (11... Nf4 $1 $15 12. Bxf4 exf4 13. Qxf4 b5) 12. fxg3 a6 13. O-O Bd7 14. Rf2 Rb8 15. Raf1 b5 16. g4 bxc4 17. Bxc4 Bb5 18. b3 Bxc4 19. bxc4 Rb4 20. Qd3 Qh4 21. Kh2 Qe7 22. Bc1 Rfb8 23. g5 R4b7 24. Nd1 Rb1 25. Bb2 {[#]} R1xb2 $1 {[%mdl 512]} 26. Nxb2 Qxg5 27. Qa3 f5 28. Qxa6 fxe4 $2 {[%mdl 8192]} (28... Qd8 $11 {and Black is okay.}) 29. Qa7 $18 Rd8 {And now ...Nf5 would win.} 30. Rf7 $1 {[%cal Rf7g7]} ({But not} 30. h4 $2 Qxh4+ 31. Kg1 e3 $19) 30... Qh6 31. Qe7 Ra8 32. Qb7 Rd8 33. Qe7 Ra8 $1 34. Nd1 $1 (34. Qxd6 e3 $16) 34... Nf5 35. Qe6 $1 {White wants to mate with Ra7+.} Kh8 {[#]} 36. Rc7 $1 {[%cal Rc7c8]} Rf8 {[#]} 37. Rc8 $1 {[%cal Rc8e8]} Qg5 $2 (37... Qd2 38. a4 (38. Rxf8+ Bxf8 39. Qf7 Bh6 $16) 38... Bh6) 38. Rxf8+ Bxf8 39. Qf7 {[%cal Rf7f8]} Be7 (39... Bh6 $142 40. a4 e3) 40. Rxf5 $2 (40. Nc3 $18 Nh6 41. Qe8+ Ng8 42. Nxe4) 40... gxf5 $11 {[#]The position is equal.} 41. Ne3 $1 {[%mdl 512]} Qf4+ (41... Qxe3 42. Qe8+) 42. Kh1 {Black must now prevent Qe8+.} Qxe3 43. Qe8+ Kg7 44. Qxe7+ {[%mdl 4160] Endgame Double Attack. KQ-KQ} Kg8 45. Qe6+ Kg7 46. Qxf5 Qe1+ 47. Kh2 {Threatens to win with Qd7+.} e3 48. Qd7+ Kg8 $1 49. Qe6+ Kg7 50. Qxd6 e2 $1 51. Qxe5+ Kg6 52. Qe6+ Kg7 53. d6 Qf2 54. Qe5+ Kg6 55. d7 e1=Q {( -> ...Qfg1#)} 56. Qxe1 Qxe1 57. d8=Q {Hoping for Qd6+.} Qe5+ 58. Kg1 {Strongly threatening Qg8+.} Qe1+ {Blacks defense is rewarded with a draw. Accuracy: White = 85%, Black = 75%.} 1/2-1/2

[Event "3. Open Bohumin 2020"]
[Site "Bohumin"]
[Date "2020.07.24"]
[Round "7.7"]
[White "Fargac, Martin"]
[Black "Trybus, Daniel"]
[Result "1-0"]
[WhiteElo "2329"]
[BlackElo "1950"]
[Annotator "TA"]
[PlyCount "49"]
[EventDate "2020.07.18"]
[EventType "swiss"]
[EventCountry "CZE"]
[SourceTitle "playchess.com"]
[Source "ChessBase"]
[SourceQuality "1"]

{[%evp 9,49,0,33,32,38,11,42,29,29,20,37,26,72,70,138,120,178,146,145,129,129,74,90,64,63,28,195,198,177,87,179,180,182,150,156,162,282,287,454,435,634,607]} 1. d4 Nf6 2. Bf4 g6 3. Nc3 d5 4. e3 Bg7 5. h4 c5 6. Nb5 {aiming for Nc7+. A45: Trompowsky Attack.} Na6 $1 7. c3 Bd7 8. a4 {White is slightly better.} c4 9. Nf3 O-O 10. Be2 Qb6 {[#]} 11. b3 $146 ({Predecessor:} 11. Ne5 Bxb5 12. axb5 Qxb5 13. Qc2 Nd7 14. h5 Nxe5 15. Bxe5 Bxe5 16. dxe5 Nc5 17. b4 cxb3 18. Bxb5 bxc2 {0-1 (36) Johansen,K (1690)-Tryggestad,A (2324) Sarpsborg 2019}) 11... Ne4 (11... Bxb5 $14 12. axb5 Qxb5) 12. bxc4 $16 Qa5 (12... dxc4 $16 13. Bxc4 Qa5) 13. Rc1 (13. cxd5 $6 Bxb5 14. axb5 Qxc3+ 15. Nd2 (15. Kf1 Nb4 $14) 15... Nb4 $14) 13... Rfc8 14. Qb3 ({Don't play} 14. cxd5 Bxb5 15. Bxb5 (15. axb5 Nxc3 {[%mdl 64] Double Attack} 16. Qd2 Nb4 $11) 15... Nxc3 $14) 14... Nb8 15. Qb4 ({White should play} 15. O-O) 15... Nc6 16. Qxa5 Nxa5 17. cxd5 a6 $2 (17... Bxb5 $1 $11 {and Black stays safe.} 18. Bxb5 a6) 18. Nc7 $18 {Strongly threatening Bd3.} Ra7 {[#]} 19. c4 (19. d6 $1 $18 {has better winning chances.}) 19... Nb3 {[#]} (19... Nd6 $16 {might work better.}) 20. Rb1 $1 {[%cal Rb1b3,Bc1b1,Bb1b2,Bb2d2][%mdl 32]} Bxa4 {With the idea ...Nc3.} 21. c5 Nc3 22. Rb2 Rd8 (22... Ne4 {was called for.}) 23. O-O Nxc5 (23... b5 $142 24. cxb6 Rb7) 24. dxc5 Nxd5 (24... Be8 $142 25. d6 exd6 26. cxd6 b5) 25. Rd2 {Accuracy: White = 75%, Black = 37%.} 1-0

[Event "3. Open Bohumin 2020"]
[Site "Bohumin"]
[Date "2020.07.24"]
[Round "7.8"]
[White "Kolar, Stanislav"]
[Black "Mrazek, Lumir"]
[Result "0-1"]
[WhiteElo "2024"]
[BlackElo "2327"]
[Annotator "RC"]
[PlyCount "72"]
[EventDate "2020.07.18"]
[EventType "swiss"]
[EventCountry "CZE"]
[SourceTitle "playchess.com"]
[Source "ChessBase"]
[SourceQuality "1"]
[TimeControl "40/5400+30:900+30"]

1. Nf3 {[%emt 0:00:00]} c5 {[%emt 0:01:18]} 2. c4 {[%emt 0:00:55]} g6 {[%emt 0:00:35]} 3. Nc3 {[%emt 0:00:58]} Bg7 {[%emt 0:00:10]} 4. e3 {[%emt 0:00:55]} Nf6 {[%emt 0:00:22]} 5. d4 {[%emt 0:00:11]} O-O {[%emt 0:03:03]} 6. d5 {[%emt 0:00:42]} d6 {[%emt 0:05:52]} 7. e4 {[%emt 0:02:52]} Na6 {[%emt 0:02:23]} 8. h3 {[%emt 0:02:38]} Nc7 {[%emt 0:00:56]} 9. Be3 {[%emt 0:01:19]} a6 {[%emt 0:05:33]} 10. a4 {[%emt 0:01:17]} e5 {[%emt 0:04:08]} 11. Qd2 {[%emt 0:03:12]} Bd7 {[%emt 0:12:38]} 12. Bd3 {[%emt 0:02:31]} b5 {[%emt 0:02:03]} 13. b3 {[%emt 0:00:32]} b4 {[%emt 0:02:18]} 14. Ne2 {[%emt 0:00:58]} Nxe4 {[%emt 0:00:41]} 15. Bxe4 {[%emt 0:00:27]} f5 {[%emt 0:00:05]} 16. Bg5 {[%emt 0:09:49]} Qe8 {[%emt 0:01:54]} 17. Ng3 {[%emt 0:10:09]} Qf7 {[%emt 0:01:08]} 18. Bh6 {[%emt 0:03:49]} fxe4 {[%emt 0:02:48]} 19. Nxe4 {[%emt 0:01:07]} Ne8 {[%emt 0:02:47]} 20. Be3 {[%emt 0:13:47]} Bf5 {[%emt 0:02:01]} 21. Nfg5 {[%emt 0:02:14]} Qe7 {[%emt 0:02:37]} 22. f3 {[%emt 0:01:57]} Nf6 {[%emt 0:10:43]} 23. O-O-O {[%emt 0:02:49]} Bxe4 {[%emt 0:03:15]} 24. Nxe4 {[%emt 0:00:31]} Nxe4 {[%emt 0:03:38]} 25. fxe4 {[%emt 0:00:02]} Qh4 {[%emt 0:01:50]} 26. Rde1 {[%emt 0:05:50]} Rf7 {[%emt 0:05:18]} 27. Kb2 {[%emt 0:13:00]} Raf8 {[%emt 0:06:50]} 28. Ka2 {[%emt 0:00:35]} Bh6 {[%emt 0:04:46]} 29. Re2 {[%emt 0:05:05]} Kg7 {[%emt 0:01:25]} 30. Rhe1 {[%emt 0:01:31]} Bxe3 {[%emt 0:00:20]} 31. Qxe3 {[%emt 0:01:17]} Rf2 {[%emt 0:00:50]} 32. Kb2 {[%emt 0:02:43]} Rxe2+ {[%emt 0:00:33]} 33. Rxe2 {[%emt 0:00:02]} Qh6 {[%emt 0:03:49]} 34. Qxh6+ {[%emt 0:04:58]} Kxh6 {[%emt 0:00:15]} 35. Kc2 {[%emt 0:00:13]} Kg5 {[%emt 0:00:11]} 36. Kd2 {[%emt 0:03:29]} Kh4 {[%emt 0:04:35]} 0-1